000 00606nam a22002057a 4500
999 _c6627
_d6627
003 OSt
005 20230207150912.0
008 200213b ||||| |||| 00| 0 eng d
020 _a9780340801345
040 _c040a
082 _a362.7 MIT 2001
100 _aMitchell, Alison
_913632
245 _aFoundation Course in Child Care and Education
260 _aLondon;
_bHodder Eduaction,
_c2001
300 _av, 186p;
_bcol.ill :
_c30 cm.
504 _aIncludes bibliographical references and index
650 _aChild education
_911546
650 _aEarly child development
_916444
942 _2ddc
_cO_SHELF